| 000 | 00578nam a2200193Ia 4500 | ||
|---|---|---|---|
| 005 | 20250326142316.0 | ||
| 008 | 250326s9999 xx 000 0 und d | ||
| 020 | _a81-7240-048-9 | ||
| 037 | _aTextbook | ||
| 040 |
_aFMSL _beng _cFMSL |
||
| 041 |
_aeng _2eng |
||
| 084 |
_aX:513 N2 _qFMSL |
||
| 100 |
_aKapferer J N _9350706 |
||
| 245 | 0 |
_aStrategic brand management: New approaches to creating and evaluating brand equity _cKapferer J N |
|
| 260 |
_aLondon _bLondon, Kogan Page _c1992 |
||
| 300 | _a230p | ||
| 942 |
_cTB _hX:513 N2 |
||
| 999 |
_c1294409 _d1294409 |
||